MARC

LEADER 00000nam0a2200000 4500
001 311555
005 20231102002410.0
035 |a (RuTPU)RU\TPU\book\336912 
090 |a 311555 
100 |a 20151209d1981 k y0rusy5003 ca 
101 0 |a rus 
102 |a RU 
105 |a a z 001zy 
200 1 |a Проблемы приема и обработки сигналов радиотехнических систем  |e сборник научных трудов  |f Ленинградский электротехнический институт (ЛЭТИ) 
210 |a Ленинград  |c [Б. и.]  |d 1981 
215 |a 121 с.  |c ил.  |d 20 см 
225 1 |a Известия Ленинградского электротехнического института (ЛЭТИ)  |v Вып. 298 
320 |a Библиография в конце статей 
606 1 |a Радиосигналы  |x Обработка  |2 stltpush  |3 (RuTPU)RU\TPU\subj\23092  |9 47746 
606 1 |a Электрические сигналы, сложные  |x Прием при наличии помех  |x Статистические методы изучения  |2 stltpush  |3 (RuTPU)RU\TPU\subj\27564  |9 51296 
610 1 |a радиотехнические системы 
610 1 |a обнаружение 
610 1 |a помехи 
610 1 |a шумы 
610 1 |a периодические сигналы 
610 1 |a речевые сигналы 
610 1 |a автокорреляционные функции 
610 1 |a статические характеристики 
610 1 |a фазоманипулированные сигналы 
610 1 |a помехоустойчивость 
610 1 |a интегральные компараторы 
610 1 |a МДП-структуры 
675 |a 621.372  |z rus  |v 4 
675 |a 621.391.82  |z rus  |v 4 
712 0 2 |a Ленинградский электротехнический институт (ЛЭТИ)  |2 stltpush  |3 (RuTPU)RU\TPU\col\289 
801 0 |a RU  |b RuMRKP  |c 19950704  |g psbo 
801 1 |a RU  |b 63413507  |c 20151209 
801 2 |a RU  |b 63413507  |c 20180924  |g RCR 
942 |c BK